000 00780nam a22001817a 4500
999 _c58836
_d58836
005 20221006122416.0
008 221006s2018 rus||||| |||| 00| 0 ru d
020 _a9785534056433
041 _aru
080 _a341.226 М-43
245 _aМеждународное воздушное право :
_bУчебник для бакалавриата и магистратуры /
_cПод ред. А.И. Травникова, А. Х. Абашидзе.
264 _aМосква:
_bЮрайт,
_c2018.
300 _a444 стр. ;
_b24 см.
653 _aსაჰაერო სამართალი
700 _aТравникова, А.И.
_eრედაქტორი
_915086
700 _a Абашидзе, А. Х.
_eრედაქტორი
_915087
942 _2udc
_cBK